Culture générale ! Une image... Un des... (17) - Statistiques

Statistiques générales
  • Ce quiz a été pris 60 fois
  • Le résultat moyen est 8 sur 20
Statistiques - réponses
Par images Hint Réponse % Correct
symboles de la France accordéon
90%
oeuvres de Vermeer La laitière
86%
coupes de coiffure mulet
69%
pays du monde Turkménistan
63%
outils Faucille
59%
plus vieux lycée parisien Henri IV
53%
chefs cuisiniers Paul Bocuse
53%
pictogrammes du sport karaté
49%
mairie de Paris (arrondissement) 5
43%
yéyés Antoine
43%
apôtres Paul
31%
princes héritiers d'Europe (pays) Norvège
25%
sports olympiques skeleton
24%
spationautes françaises Claudie Haigneré
18%
communes françaises ayant le plus de monuments historiques (ville) Rouen
18%
races de chien Terre-neuve
18%
décorations françaises Mérite
10%
1er dessin d'un album de Tintin (nom de l'album) Le temple du soleil
6%
inconnus célèbres François Maistre
4%
inconnues célèbres Annie Grégorio
2%
Aucun quiz correspondant
Distribution des résultats
% des personnes avec chaque résultat
Percentile par nombre de réponses
Votre historique - résultats
Vous n’avez pas pris ce quiz